Manual peserta kerajaan : Kontrak pusat

Bibliographic Details
Format: Book
Published: Kuala Lumpur : Commerced Dot Com sdn Bhd , 2002
Subjects:

MARC

LEADER 00000cam a2200000 7i4500
001 0000016231
005 20060203.0
040 |a INS 
090 0 0 |a M114 
245 1 0 |a Manual peserta kerajaan :   |b Kontrak pusat 
260 |a Kuala Lumpur :   |b Commerced Dot Com sdn Bhd ,   |c 2002 
300 |a 157p. :   |b ill ;   |c 30cm. 
650 0 0 |a Finance   |z Malaysia   |x Management 
650 0 0 |a Government purchasing   |z Malaysia 
999 |a M000000159   |b BOOK   |c Course Notes   |e Default branch 
999 |a M000001034   |b BOOK   |c Course Notes   |e Default branch 
999 |a M000001035   |b BOOK   |c Course Notes   |e Default branch